000 00371nam a2200145Ia 4500
008 191201s2011 xx 000 0 und d
082 _a621.3822
_bRAT
100 _aRABINER, larvrence R
245 0 _aTheory and Applications of Digital Signal Processing
250 _aRep
260 _aN. Delhi
_bPHI
_c2011
300 _a762
650 _aM.Tech (ECE)
942 _2ddc
_cBK
999 _c5009
_d5009